Beyond Harvard : (Record no. 4104)

MARC details
000 -LEADER
fixed length control field 00677nam a22002057a 4500
001 - CONTROL NUMBER
control field 4104
003 - CONTROL NUMBER IDENTIFIER
control field FISKH
005 - DATE AND TIME OF LATEST TRANSACTION
control field 20240606161817.0
008 - FIXED-LENGTH DATA ELEMENTS--GENERAL INFORMATION
fixed length control field 240606b cb ||||| |||| 00| 0 eng d
020 ## - INTERNATIONAL STANDARD BOOK NUMBER
International Standard Book Number 9781781256992
040 ## - CATALOGING SOURCE
Original cataloging agency FISKH
Language of cataloging FISKH
Transcribing agency eng
Modifying agency FISKH
Description conventions RDA
050 ## - LIBRARY OF CONGRESS CALL NUMBER
Classification number HF5386
082 ## - DEWEY DECIMAL CLASSIFICATION NUMBER
Classification number 650.1
100 ## - MAIN ENTRY--PERSONAL NAME
Personal name McCormack, Mark H.
245 ## - TITLE STATEMENT
Title Beyond Harvard :
Remainder of title All-new street smarts from the world of Mark H. McCormack
260 ## - PUBLICATION, DISTRIBUTION, ETC.
Place of publication, distribution, etc. London :
Name of publisher, distributor, etc. Profile Books,
Date of publication, distribution, etc. 2017
300 ## - PHYSICAL DESCRIPTION
Extent 256 pages :
Dimensions 20 cm
520 ## - SUMMARY, ETC.
Summary, etc. "All new Harvard-style street smarts from the people who knew, worked with and were influenced by Mark H. McCormack." - Library Thing
942 ## - ADDED ENTRY ELEMENTS (KOHA)
Source of classification or shelving scheme Dewey Decimal Classification
Koha item type Books
Suppress in OPAC No
Holdings
Withdrawn status Lost status Source of classification or shelving scheme Damaged status Not for loan Collection Home library Current library Shelving location Date acquired Total Checkouts Full call number Barcode Date due Date last seen Date last checked out Price effective from Koha item type
    Dewey Decimal Classification     Non-Fiction Footprints International School Library Network Toul Kork Campus Footprints International School Library Network Toul Kork Campus TK New Addition Display Table 06/06/2024 2 MCC 650.1 HF5386 2024-0829 01/23/2026 01/09/2026 01/09/2026 06/06/2024 Books